[Event "Let's Play Chess!"]
[Site "http://www.queenalice.com/game.php?id=175854"]
[Date "2007.3.1"]
[Round "-"]
[White "Jonjon"]
[Black "tiagohi"]
[Result "0-1"]
[WhiteElo "1751"]
[BlackElo "1307"]

1. e4 d5 2. e5 d4 3. Nf3 c5 4. Bc4 e6 5. O-O Nh6 6. c3 Nc6 7. cxd4 Nxd4 8. Nc3
Ng4 9. Re1 a6 10. a4 b6 11. h3 Nh6 12. Nxd4 cxd4 13. Ne2 d3 14. Nf4 Qd4 15. Qf3
Ra7 16. Bxd3 Bc5 17. Qg3 Nf5 0-1

[Event "Let's Play Chess!"]
[Site "http://www.queenalice.com/game.php?id=175859"]
[Date "2007.3.1"]
[Round "-"]
[White "Jonjon"]
[Black "blunderful"]
[Result "1-0"]
[WhiteElo "1500"]
[BlackElo "1596"]

1. e4 e5 2. Nf3 Nc6 3. d4 exd4 4. Bc4 d6 5. Nxd4 Nxd4 6. Qxd4 Qf6 7. Be3 Be7 8.
O-O c5 9. Qc3 a6 10. f4 Qxc3 11. Nxc3 b5 12. Bd5 Rb8 13. e5 Be6 14. Rad1 dxe5
15. Bc6+ Kf8 16. fxe5 Nh6 17. Bxh6 gxh6 18. Bd5 Bxd5 19. Rxd5 Kg7 20. Rd7 Rhe8
21. Nd5 Rbd8 22. Rxe7 1-0

[Event "JIMI 2007"]
[Site "http://www.queenalice.com/game.php?id=180517"]
[Date "2007.3.11"]
[Round "-"]
[White "RSRocha"]
[Black "Jonjon"]
[Result "1-0"]
[WhiteElo "1748"]
[BlackElo "1708"]

1. e4 d6 2. Nf3 Nd7 3. Bc4 Ngf6 4. Nc3 c5 5. d4 g6 6. Bg5 cxd4 7. Nxd4 Bg7 8.
Qe2 Ne5 9. O-O Nxc4 10. Qxc4 O-O 11. Rfe1 Ng4 12. h3 Ne5 13. Qe2 Re8 14. Nf3 Bd7
15. Nxe5 Bxe5 16. Qd2 Qa5 17. Nd5 Qxd2 18. Bxd2 Rac8 19. c3 1-0

[Event "Pato X Marreco"]
[Site "http://www.queenalice.com/game.php?id=186987"]
[Date "2007.3.24"]
[Round "-"]
[White "RJGF"]
[Black "Jonjon"]
[Result "1-0"]
[WhiteElo "1654"]
[BlackElo "1685"]

1. e4 d6 2. d4 Nf6 3. Nc3 g6 4. Nf3 Bg7 5. Bd3 Nbd7 6. e5 dxe5 7. dxe5 Ng4 8. h3
Ngxe5 9. O-O O-O 10. Re1 Nxf3+ 11. Qxf3 Ne5 12. Qe2 Nxd3 13. Qxd3 Qxd3 14. cxd3
e6 15. Bf4 c6 16. Rac1 Rd8 17. Rcd1 1-0

[Event "AUTO-ADV-480"]
[Site "http://www.queenalice.com/game.php?id=205573"]
[Date "2007.5.3"]
[Round "1"]
[White "bebop1"]
[Black "Jonjon"]
[Result "1-0"]
[WhiteElo "1773"]
[BlackElo "1668"]

1. e4 d6 2. d4 Nf6 3. Nc3 g6 4. f4 Bg7 5. Nf3 O-O 6. Bd3 c5 7. d5 Bg4 8. O-O a6
9. h3 Bd7 10. g4 b5 11. b3 Nxe4 12. Bxe4 Bxc3 13. Bd2 Bxa1 14. Qxa1 f5 15. Ng5
fxe4 16. Bc3 Qc8 17. Bh8 e5 18. fxe5 Rxf1+ 19. Qxf1 1-0

[Event "AUTO-ADV-480"]
[Site "http://www.queenalice.com/game.php?id=205574"]
[Date "2007.5.3"]
[Round "1"]
[White "Jonjon"]
[Black "bebop1"]
[Result "1-0"]
[WhiteElo "1852"]
[BlackElo "1766"]

1. e4 d5 2. exd5 Qxd5 3. Nc3 Qd6 4. d4 Nf6 5. Nf3 a6 6. Bc4 b5 7. Bb3 Bb7 8. O-O
Nbd7 9. Re1 O-O-O 10. Bxf7 Ng4 11. Be6 Kb8 12. Bxg4 Bxf3 13. Bxf3 Rg8 14. Qd3 g6
15. a4 Nf6 16. axb5 1-0

[Event "AUTO-ADV-480"]
[Site "http://www.queenalice.com/game.php?id=205587"]
[Date "2007.5.3"]
[Round "1"]
[White "emiliano"]
[Black "Jonjon"]
[Result "1-0"]
[WhiteElo "1749"]
[BlackElo "1870"]

1. e4 d6 2. d4 Nf6 3. Nc3 g6 4. Nf3 Bg7 5. Be2 O-O 6. O-O c5 7. Be3 Ng4 8. Qd2
Nxe3 9. Qxe3 cxd4 10. Nxd4 Qb6 11. Ndb5 Qxe3 12. fxe3 Na6 13. Rab1 b6 14. Nd5 e6
15. Ne7+ Kh8 16. Nxc8 Raxc8 17. Nxd6 Rc6 18. Nxf7+ Kg8 19. Bxa6 Rxf7 20. Rxf7
Kxf7 21. c3 Rd6 22. Bc4 1-0

[Event "AUTO-ADV-480"]
[Site "http://www.queenalice.com/game.php?id=205588"]
[Date "2007.5.3"]
[Round "1"]
[White "Jonjon"]
[Black "emiliano"]
[Result "0-1"]
[WhiteElo "1842"]
[BlackElo "1770"]

1. e4 e5 2. Nf3 Nc6 3. d4 exd4 4. Bc4 Bc5 5. O-O d6 6. Re1 Nf6 7. e5 dxe5 8.
Nxe5 O-O 9. Nxc6 bxc6 10. Bg5 Be7 11. Qe2 Re8 12. Bxf6 gxf6 13. Nd2 Bf5 14. Nb3
Bb4 15. Qxe8+ Qxe8 16. Rxe8+ Rxe8 17. Nxd4 Bg6 18. c3 Bc5 19. Nxc6 Re6 20. Bxe6
fxe6 21. b4 Bb6 0-1

[Event "AUTO-ADV-480"]
[Site "http://www.queenalice.com/game.php?id=205597"]
[Date "2007.5.3"]
[Round "1"]
[White "Jonjon"]
[Black "IkeBroflovski"]
[Result "1-0"]
[WhiteElo "1846"]
[BlackElo "1561"]

1. e4 e6 2. d4 d5 3. Nd2 Nc6 4. c3 e5 5. exd5 Qxd5 6. Bc4 Qxg2 7. Qh5 g6 8. Qf3
Qxf3 9. Ndxf3 exd4 10. Nxd4 Nxd4 11. cxd4 Bb4+ 12. Bd2 Bxd2+ 13. Kxd2 Ne7 14.
Re1 Kf8 15. Nf3 Be6 16. Bxe6 fxe6 17. Rxe6 1-0

[Event "AUTO-ADV-480"]
[Site "http://www.queenalice.com/game.php?id=205598"]
[Date "2007.5.3"]
[Round "1"]
[White "IkeBroflovski"]
[Black "Jonjon"]
[Result "1-0"]
[WhiteElo "1661"]
[BlackElo "1727"]

1. Nf3 d6 2. d4 Nf6 3. c4 g6 4. Nc3 Bg7 5. b3 O-O 6. Bb2 c5 7. d5 Bf5 8. e3 Nbd7
9. Bd3 Bxd3 10. Qxd3 Ng4 11. O-O Nge5 12. Nxe5 Nxe5 13. Qc2 a6 14. h3 Qb8 15. f4
Nd7 16. e4 b5 17. Rab1 b4 18. Ne2 Bxb2 19. Rxb2 f5 20. Ng3 fxe4 21. Nxe4 Nf6 22.
Nxf6+ Rxf6 23. Qd3 Qf8 24. Rbf2 1-0